000
00281nam a2200097Ia 4500
008
241105s9999 xx 000 0 und d
041
_a
eng
100
_a
Nimbalkar Shalaka
_9
182664
245
_a
Urban Micro Climate Analysis Of Pune City : Aundh
260
_b
BNCA M Arch EA, Pune
_c
2014
999
_c
360955
_d
360955